Statistics for Countries with the Most Winter Olympics Medals

Click here to take the quiz!

General Stats

  • This quiz has been taken 103,485 times
    (36,875 since last reset)
  • The average score is 16 of 19

Answer Stats

MedalsCountry% Correct
305United States
100%
120Russia
97%
199Canada
97%
368Norway
96%
158Sweden
96%
279Germany / West Germany
96%
62China
94%
31Great Britain
94%
124France
93%
167Finland
92%
58Japan
92%
124Italy
87%
153Switzerland
86%
232Austria
84%
70South Korea
80%
130Netherlands
76%
227Soviet Union / Unified Team
62%
31Czech Republic
61%
110East Germany
37%

Score Distribution

Percentile by Number Answered

Percent of People with Each Score

Your Score History

You have not taken this quiz since the last reset